A Century of Negro Migration (Record no. 240223)
[ view plain ]
| 000 -LEADER | |
|---|---|
| fixed length control field | 00850cam a22002653a 4500 |
| 001 - CONTROL NUMBER | |
| control field | 10968 |
| 003 - CONTROL NUMBER IDENTIFIER | |
| control field | PGUSA |
| 005 - DATE AND TIME OF LATEST TRANSACTION | |
| control field | 20140828083231.0 |
| 008 - FIXED-LENGTH DATA ELEMENTS--GENERAL INFORMATION | |
| fixed length control field | 040201s2004||||xxu|||||s|||||000 | eng d |
| 040 ## - CATALOGING SOURCE | |
| Original cataloging agency | PGUSA |
| Language of cataloging | eng |
| 042 ## - AUTHENTICATION CODE | |
| Authentication code | dc |
| 050 #4 - LIBRARY OF CONGRESS CALL NUMBER | |
| Classification number | E151 |
| 100 1# - MAIN ENTRY--PERSONAL NAME | |
| Personal name | Woodson, Carter Godwin, |
| Dates associated with a name | 1875-1950 |
| 245 12 - TITLE STATEMENT | |
| Title | A Century of Negro Migration |
| Medium | [electronic resource] / |
| Statement of responsibility, etc | Carter Godwin Woodson |
| 260 ## - PUBLICATION, DISTRIBUTION, ETC. (IMPRINT) | |
| Name of publisher, distributor, etc | Project Gutenberg, |
| Date of publication, distribution, etc | 2004 |
| 506 ## - RESTRICTIONS ON ACCESS NOTE | |
| Terms governing access | Public domain in the USA. |
| 516 ## - TYPE OF COMPUTER FILE OR DATA NOTE | |
| Type of computer file or data note | Electronic text |
| 653 ## - INDEX TERM--UNCONTROLLED | |
| Uncontrolled term | African Americans -- Northeastern States |
| 653 ## - INDEX TERM--UNCONTROLLED | |
| Uncontrolled term | Rural-urban migration -- United States -- History |
| 653 ## - INDEX TERM--UNCONTROLLED | |
| Uncontrolled term | African Americans -- Migrations -- History |
| 653 ## - INDEX TERM--UNCONTROLLED | |
| Uncontrolled term | Migration, Internal -- United States |
| 830 #0 - SERIES ADDED ENTRY--UNIFORM TITLE | |
| Uniform title | Project Gutenberg |
| Volume number/sequential designation | 10968 |
| 856 40 - ELECTRONIC LOCATION AND ACCESS | |
| Uniform Resource Identifier | <a href="http://www.gutenberg.org/ebooks/10968">http://www.gutenberg.org/ebooks/10968</a> |
| 942 ## - ADDED ENTRY ELEMENTS (KOHA) | |
| Koha item type | eBooks |
| Withdrawn status | Lost status | Damaged status | Home library | Current library | Date acquired | Total Checkouts | Date last seen | Price effective from | Koha item type |
|---|---|---|---|---|---|---|---|---|---|
| Project Gutenberg | Project Gutenberg | 08/28/2014 | 08/28/2014 | 08/28/2014 | eBooks |